Hallam Land Management Ltd v UK Coal Mining Ltd and another (Record no. 71490)
[ view plain ]
| 000 -LEADER | |
|---|---|
| fixed length control field | 01429cam a2200217 4500 |
| 001 - CONTROL NUMBER | |
| control field | ABS66101 |
| 008 - FIXED-LENGTH DATA ELEMENTS--GENERAL INFORMATION | |
| fixed length control field | 021101n2002 000 0 eng u |
| 035 ## - SYSTEM CONTROL NUMBER | |
| System control number | (Sirsi) u120329 |
| 245 ## - TITLE STATEMENT | |
| Title | Hallam Land Management Ltd v UK Coal Mining Ltd and another |
| 260 ## - PUBLICATION, DISTRIBUTION, ETC. | |
| Date of publication, distribution, etc. | 2002 |
| 490 ## - SERIES STATEMENT | |
| Series statement | Estates Gazette |
| Volume/sequential designation | [2002] 35 EG 96-104(8) |
| 490 ## - SERIES STATEMENT | |
| Series statement | Court of Appeal (Civil Division) |
| Volume/sequential designation | [2002] EWCA Civ 982 |
| 520 ## - SUMMARY, ETC. | |
| Summary, etc. | CA, 30 May 2002. Appellant (H) had the benefit of an option to buy a 45 acre site from the respondent landowners (U) that was exercisable following application for the development of the property. H was granted planning permission for a development on 2.5 acres of land for company HQ with landscaping. H exercised the option to purchase the site and U contended the option was not validly exercised. The judge held that the option had not been validly exercised because H had not submitted a planning application for the development of the whole of the property, as required in the terms of the option agreement. H appealed. "Held": appeal dismissed on the grounds that the property was defined as the 45 acre site and H's application was inconsistent with that definition. |
| 590 ## - LOCAL NOTE (RLIN) | |
| Local note | ABS |
| 650 ## - SUBJECT ADDED ENTRY--TOPICAL TERM | |
| Topical term or geographic name entry element | OPTION AGREEMENTS |
| 650 ## - SUBJECT ADDED ENTRY--TOPICAL TERM | |
| Topical term or geographic name entry element | HALLAM LAND MANAGEMENT V UK COAL MINING |
| 650 ## - SUBJECT ADDED ENTRY--TOPICAL TERM | |
| Topical term or geographic name entry element | DEVELOPMENT LAND |
| 650 ## - SUBJECT ADDED ENTRY--TOPICAL TERM | |
| Topical term or geographic name entry element | PLANNING APPLICATIONS |
| 690 ## - LOCAL SUBJECT ADDED ENTRY--TOPICAL TERM (OCLC, RLIN) | |
| Topical term or geographic name as entry element | PROPERTY AND LAND LAW-CASE LAW |
| 942 ## - ADDED ENTRY ELEMENTS (KOHA) | |
| Suppress in OPAC | 0 |
| Withdrawn status | Lost status | Source of classification or shelving scheme | Damaged status | Not for loan | Home library | Current library | Shelving location | Date acquired | Total Checkouts | Full call number | Barcode | Date last seen | Copy number | Price effective from | Koha item type |
|---|---|---|---|---|---|---|---|---|---|---|---|---|---|---|---|
| Dewey Decimal Classification | London | London | Journal article | 01/11/2002 | ABS66101 | 120329-1001 | 06/08/2019 | 1 | 06/08/2019 | Law report |